000 00962nam a2200469Ia 4500
001 21
003 45
005 20250411181947.0
008 ||||||n9999 ||| || ||
020 _a9682500397
041 _aspa
082 _220
_a001.42
100 1 _aTapia González, Yolanda
_926
245 0 _aInvestigacion del comportamiento
250 _a2ed
260 _aMéxico :
_bInteramericana,
_c1979.
300 _a525p.
562 _e2
650 _aINVESTIGACIONES
_927
650 0 _aPsicología
_928
942 _cBKM
999 _c21
_d21
526 _a17598
526 _a102617
526 _a102618
526 _a15794
526 _a102619
526 _a102620
526 _a10406
526 _a105630
526 _a1698
526 _a116204
526 _a4969
526 _a19790
526 _a104436
526 _a5144
526 _a51868
526 _a3899
526 _a9683
526 _a
526 _a1703
526 _a1697